<?xml version="1.0" encoding="UTF-8"?><?xml-stylesheet type="text/xsl" href="static/style.xsl"?><OAI-PMH xmlns="http://www.openarchives.org/OAI/2.0/" xmlns:xsi="http://www.w3.org/2001/XMLSchema-instance" xsi:schemaLocation="http://www.openarchives.org/OAI/2.0/ http://www.openarchives.org/OAI/2.0/OAI-PMH.xsd"><responseDate>2026-06-02T01:05:55Z</responseDate><request verb="GetRecord" identifier="oai:docta.ucm.es:20.500.14352/110674" metadataPrefix="marc">https://docta.ucm.es/rest/oai/request</request><GetRecord><record><header><identifier>oai:docta.ucm.es:20.500.14352/110674</identifier><datestamp>2025-03-18T15:30:37Z</datestamp><setSpec>com_20.500.14352_14</setSpec><setSpec>col_20.500.14352_15</setSpec></header><metadata><record xmlns="http://www.loc.gov/MARC21/slim" xmlns:dcterms="http://purl.org/dc/terms/" xmlns:xsi="http://www.w3.org/2001/XMLSchema-instance" xmlns:doc="http://www.lyncode.com/xoai" xsi:schemaLocation="http://www.loc.gov/MARC21/slim http://www.loc.gov/standards/marcxml/schema/MARC21slim.xsd">
   <leader>00925njm 22002777a 4500</leader>
   <datafield ind2=" " ind1=" " tag="042">
      <subfield code="a">dc</subfield>
   </datafield>
   <datafield ind2=" " ind1=" " tag="720">
      <subfield code="a">Arias Valcayo, Fernando</subfield>
      <subfield code="e">author</subfield>
   </datafield>
   <datafield ind2=" " ind1=" " tag="720">
      <subfield code="a">Galve Lahoz, Pablo</subfield>
      <subfield code="e">author</subfield>
   </datafield>
   <datafield ind2=" " ind1=" " tag="720">
      <subfield code="a">Udías Moinelo, José Manuel</subfield>
      <subfield code="e">author</subfield>
   </datafield>
   <datafield ind2=" " ind1=" " tag="720">
      <subfield code="a">Vaquero, Juan José</subfield>
      <subfield code="e">author</subfield>
   </datafield>
   <datafield ind2=" " ind1=" " tag="720">
      <subfield code="a">Desco, Manuel</subfield>
      <subfield code="e">author</subfield>
   </datafield>
   <datafield ind2=" " ind1=" " tag="720">
      <subfield code="a">López Herraiz, Joaquín</subfield>
      <subfield code="e">author</subfield>
   </datafield>
   <datafield ind2=" " ind1=" " tag="260">
      <subfield code="c">2023-11-15</subfield>
   </datafield>
   <datafield ind2=" " ind1=" " tag="520">
      <subfield code="a">Preclinical PET animal studies require immobilization of the animal, typically accomplished through the administration of anesthesia, which may affect the radiotracer biodistribution. The use of 18
F point sources attached to the rat head is one of the most promising methods for motion compensation in awake rat PET studies. However, the presence of radioactive markers may degrade image quality. In this study, we aimed to investigate the most favorable conditions for preclinical PET studies using awake rats with attached point sources. Firstly, we investigate the optimal activity conditions for the markers and rat-injected tracer using Monte Carlo simulations to determine the parameters of maximum detectability without compromising image quality. Additionally, we scrutinize the impact of delayed window correction for random events on marker detectability and overall image quality within these studies. Secondly, we present a method designed to mitigate the influence of rapid rat movements, which resulted in a medium loss of events of around 30%, primarily observed during the initial phase of the data acquisition. We validated our study with PET acquisitions from an awake rat within the acceptable conditions of activity and motion compensation parameters. This acquisition revealed an 8% reduction in resolution compared to a sedated animal, along with a 6% decrease in signal-to-noise ratio (SNR). These outcomes affirm the viability of our method for conducting awake preclinical brain studies.</subfield>
   </datafield>
   <datafield ind1="8" ind2=" " tag="024">
      <subfield code="a">Arias-Valcayo, F.; Galve, P.; Manuel Udías, J.; Vaquero, J.J.; Desco, M.; Herraiz, J.L. Optimizing Point Source Tracking in Awake Rat PET Imaging: A Comprehensive Study of Motion Detection and Best Correction Conditions. Appl. Sci. 2023, 13, 12329. https://doi.org/10.3390/app132212329</subfield>
   </datafield>
   <datafield ind1="8" ind2=" " tag="024">
      <subfield code="a">2076-3417</subfield>
   </datafield>
   <datafield ind1="8" ind2=" " tag="024">
      <subfield code="a">10.3390/app132212329</subfield>
   </datafield>
   <datafield ind1="8" ind2=" " tag="024">
      <subfield code="a">https://hdl.handle.net/20.500.14352/110674</subfield>
   </datafield>
   <datafield ind1="8" ind2=" " tag="024">
      <subfield code="a">https://doi.org/10.3390/app132212329</subfield>
   </datafield>
   <datafield ind1="8" ind2=" " tag="024">
      <subfield code="a">https://www.mdpi.com/2076-3417/13/22/12329</subfield>
   </datafield>
   <datafield ind2="0" ind1="0" tag="245">
      <subfield code="a">Optimizing Point Source Tracking in Awake Rat PET Imaging: A Comprehensive Study of Motion Detection and Best Correction Conditions</subfield>
   </datafield>
</record></metadata></record></GetRecord></OAI-PMH>